000
00214nam a22000977a 4500
020
_a
9780545397155
100
_a
J. & P. Voelkel.
245
_a
Middle world /
260
_a
New York
_b
Scholastic
_c
2010
942
_c
BK
999
_c
266235
_d
266234